European Licence Plates by Picture - Statistics

General Stats
  • This quiz has been taken 67 times
    64 since last reset
  • The average score is 25 of 44
Answer Stats
Picture Answer % Correct
Croatia
82%
Slovakia
82%
San Marino
80%
Andorra
78%
Italy
78%
Netherlands
78%
Austria
76%
Hungary
76%
Germany
73%
United Kingdom
73%
Poland
71%
Montenegro
69%
France
67%
Kosovo
67%
Ukraine
67%
Serbia
65%
Slovenia
63%
Monaco
61%
Belgium
59%
Luxembourg
59%
North Macedonia
59%
Moldova
57%
Liechtenstein
55%
Switzerland
55%
Czech Republic
53%
Denmark
53%
Spain
49%
Finland
47%
Ireland
47%
Bulgaria
45%
Estonia
45%
Romania
45%
Portugal
43%
Sweden
43%
Albania
41%
Lithuania
41%
Latvia
39%
Greece
35%
Iceland
35%
Bosnia and Herzegovina
33%
Norway
33%
Vatican
33%
Malta
29%
Belarus
27%
No matching quizzes found
Score Distribution
Percent of People with Each Score
Percentile by Number Answered
Your Score History
You have not taken this quiz since the last reset